Statistics for Biggest Countries by Population - Shape Quiz

Click here to take the quiz!

General Stats

  • This quiz has been taken 14,739 times
  • The average score is 16 of 20

Answer Stats

Answer % Correct
United States
99%
Japan
97%
China
96%
India
94%
Egypt
92%
Mexico
91%
Indonesia
89%
Russia
86%
Philippines
84%
Vietnam
84%
Thailand
83%
Brazil
83%
Germany
78%
Turkey
78%
Iran
73%
Pakistan
69%
Bangladesh
62%
D.R. Congo
59%
Ethiopia
58%
Nigeria
56%

Score Distribution

Percentile by Number Answered

Percent of People with Each Score

Your Score History

You have not taken this quiz